Statistics for Food by the Letter - Picture Edition

Click here to take the quiz!

General Stats

  • This quiz has been taken 125 times
    (114 since last reset)
  • The average score is 18 of 23

Answer Stats

Answer% Correct
Avocado
98%
Bagel
96%
Egg
96%
Honey
96%
Kiwi
96%
Lemon
96%
Ice
95%
Donut
94%
Grape
91%
Tomato
91%
Watermelon
91%
Jalapeno
85%
Fruit Loops / Froot Loops
81%
Peanut Butter
81%
Radish
78%
Mandarin
76%
Olive
73%
Salsa
64%
Nectarine
63%
Cilantro
60%
Quail Egg
52%
Udon
34%
Venison
21%

Score Distribution

Percentile by Number Answered

Percent of People with Each Score

Your Score History

You have not taken this quiz since the last reset